La Pesca : dossier del mestre : tema 3 / guió: Maria Llorens i Flora Porta dossier del mestre :
Descripción Física:
15 p. : il. ; 29 cm
Otros Autores:
Portas, Flora
MARC
| LEADER | 00000nam a2200000Ia 4500 | ||
|---|---|---|---|
| 001 | 21244 | ||
| 008 | 160829s1988 xx 000 0 cat d | ||
| 080 | |a FU-33-70 | ||
| 100 | |a Llorens, Maria |9 42419 | ||
| 245 | |a La Pesca : |b dossier del mestre : |b tema 3 / guió: |b Maria Llorens i Flora Porta | ||
| 260 | |a Barcelona : |b Diputació de Barcelona. Servei de Medi Ambient, |c 1988 | ||
| 300 | |a 15 p. : |b il. ; |c 29 cm | ||
| 590 | |a A la part superior del títol: Centre d'Estudis del Mar. | ||
| 590 | |a Núm. de full registral: 4671 | ||
| 650 | |a Pesca |x Llibres del mestre |9 42420 | ||
| 650 | |a Material didàctic |9 22831 | ||
| 700 | |a Portas, Flora |9 23911 | ||
| 710 | 2 | |a Centre d'Estudis del Mar |9 52945 | |
| 710 | 1 | |a Barcelona (Catalunya : Província). |b Servei de Medi Ambient |9 53475 | |
| 901 | |a Arxiu | ||
| 942 | |n 1 | ||
| 952 | |0 0 |1 0 |4 0 |6 FU3370 |7 1 |9 50839 |a Arxiu |b Arxiu |d 2016-12-01 |l 0 |o FU-33-70 |p 21244 |r 2016-12-01 00:00:00 |w 2016-12-01 |y ARXIU | ||
| 999 | |c 54681 |d 54681 | ||